000 00789cam a2200253 a 4500
001 4508577
005 20180104092622.0
008 981029s1999 nyuab bi 001 0 eng
010 _a 98043643
020 _a0321005430
035 _a(DLC) 98043643
040 _aDLC
_cDLC
_dDLC
041 _aeng
043 _an-us---
080 _a320.473 EDW
082 0 0 _a320.473 EDW
_221
100 1 _a18
101 _aPOL
245 1 4 _aThe struggle for democracy /
_cEdward S. Greenberg, Benjamin I. Page.
504 _aIncludes bibliographical references and index.
906 _a7
_bcbc
_corignew
_d1
_eocip
_f19
_gy-gencatlg
942 _2ddc
_cBK
999 _c39779
_d39779